[Event "TCh-CHN 2018"]
[Site "China CHN"]
[Date "2018.11.28"]
[Round "20.1"]
[Board "5"]
[White "Khotenashvili, Bela"]
[Black "Li, Xueyi"]
[Result "1-0"]
[WhiteTitle "GM"]
[WhiteElo "2477"]
[BlackElo "2187"]
[WhiteTeam "Tianjin Team"]
[BlackTeam "Guangdong Ding Xin High Tech Team"]
[WhiteFideId "13602640"]
[BlackFideId "8605912"]
[EventDate "2018.04.11"]

1. d4 d5 2. Bf4 Nf6 3. e3 c5 4. Nf3 Nc6 5. c3 Qb6 6. Qb3 c4 7. Qc2 Bf5 8. Qc1
Nh5 9. Nbd2 Nxf4 10. exf4 Qc7 11. g3 h6 12. b3 cxb3 13. axb3 e6 14. Be2 Be7 15.
h4 a6 16. Qb2 Rc8 17. O-O Qd8 18. Rfe1 O-O 19. Nf1 Be4 20. Ne3 b5 21. Nd2 b4 22.
Nxe4 dxe4 23. c4 Nxd4 24. Rxa6 Bf6 25. Qb1 Nxe2+ 26. Rxe2 Qd3 27. Re1 Rfd8 28.
Rd1 Qxb1 29. Rxb1 Rd2 30. Ra4 Bc3 31. Kf1 Rcd8 32. h5 Bd4 33. Re1 Rb2 34. Rxb4
Bc3 35. Rd1 Rc8 36. Rb7 Bd2 37. Ng4 Ra8 38. c5 Rc8 39. Ra1 e3 40. c6 Rc2 41.
fxe3 R2xc6 42. Raa7 Rc1+ 43. Ke2 Bc3 44. Rxf7 Rh1 45. Rfc7 Rxc7 46. Rxc7 Bb2 47.
Rc5 e5 48. Nxe5 Rxh5 49. Nd3 Rh2+ 50. Nf2 Rg2 51. g4 Rg1 52. b4 Ba3 53. Nd3 Rxg4
54. Ra5 Rg2+ 55. Kf3 Ra2 56. b5 1-0

[Event "TCh-CHN 2018"]
[Site "China CHN"]
[Date "2018.11.28"]
[Round "20.2"]
[Board "1"]
[White "Wan, Yunguo"]
[Black "Lan, Zilun"]
[Result "1-0"]
[WhiteTitle "GM"]
[WhiteElo "2529"]
[BlackElo "2333"]
[WhiteTeam "Hebei sports lottery chess team"]
[BlackTeam "Zhejiang Chess Team"]
[WhiteFideId "8603189"]
[BlackFideId "8604193"]
[EventDate "2018.04.11"]

1. e4 c6 2. d4 d5 3. e5 c5 4. dxc5 Nc6 5. Nf3 Bg4 6. Bb5 e6 7. b4 a5 8. c3 Ne7
9. O-O Ng6 10. Re1 Be7 11. Nbd2 O-O 12. Bxc6 bxc6 13. h3 Bxf3 14. Nxf3 f6 15.
Nd4 Qc8 16. exf6 Bxf6 17. Nxe6 Re8 18. Nd4 axb4 19. Bb2 bxc3 20. Bxc3 Rxe1+ 21.
Qxe1 Ra4 22. Nb3 Re4 23. Qd2 Nf4 24. Bxf6 Nxh3+ 25. Kh2 Nf4 26. f3 1-0

[Event "TCh-CHN 2018"]
[Site "China CHN"]
[Date "2018.11.28"]
[Round "20.2"]
[Board "2"]
[White "Maghsoodloo, Parham"]
[Black "Lu, Shanglei"]
[Result "1/2-1/2"]
[WhiteTitle "GM"]
[BlackTitle "GM"]
[WhiteElo "2689"]
[BlackElo "2636"]
[WhiteTeam "Hebei sports lottery chess team"]
[BlackTeam "Zhejiang Chess Team"]
[WhiteFideId "12539929"]
[BlackFideId "8603332"]
[EventDate "2018.04.11"]

1. Nf3 Nf6 2. g3 b5 3. Bg2 Bb7 4. Na3 b4 5. Nc4 e6 6. O-O d5 7. Nce5 Bd6 8. c4
bxc3 9. bxc3 Nbd7 10. Rb1 Nb6 11. c4 O-O 12. cxd5 Bxd5 13. Qc2 c5 14. d3 c4 15.
dxc4 Rc8 16. Bg5 Bxe5 17. Nxe5 Bxg2 18. Kxg2 Nxc4 19. Nxc4 Qd5+ 20. f3 Qxg5 21.
e4 h5 22. h4 Qc5 23. Rfc1 Rfd8 24. Qf2 Nd7 25. Qxc5 Nxc5 26. Ne3 Nd3 27. Rxc8
Rxc8 28. Kf1 Rc3 29. Rb8+ Kh7 30. Rb3 Rxb3 31. axb3 g5 1/2-1/2

[Event "TCh-CHN 2018"]
[Site "China CHN"]
[Date "2018.11.28"]
[Round "20.2"]
[Board "3"]
[White "Peng, Hongchi"]
[Black "Xu, Minghui"]
[Result "1/2-1/2"]
[WhiteElo "2273"]
[BlackElo "2313"]
[WhiteTeam "Hebei sports lottery chess team"]
[BlackTeam "Zhejiang Chess Team"]
[WhiteFideId "8609047"]
[BlackFideId "8606790"]
[EventDate "2018.04.11"]

1. e4 e5 2. Nf3 Nc6 3. Bb5 a6 4. Ba4 Nf6 5. O-O Be7 6. Re1 b5 7. Bb3 d6 8. c3
O-O 9. h3 Bb7 10. d4 Re8 11. Nbd2 Bf8 12. a3 g6 13. Ba2 Bg7 14. b4 exd4 15. cxd4
a5 16. Qe2 Qd7 17. Bb2 axb4 18. Ng5 Nd8 19. Bb1 bxa3 20. Rxa3 Rxa3 21. Bxa3 Nd5
22. Ngf3 b4 23. Bb2 Nc3 24. Qd3 Nxb1 25. Rxb1 Ne6 26. d5 Nc5 27. Qe3 f5 28. Bxg7
Qxg7 29. e5 Bxd5 30. Rxb4 Nd7 31. Qa7 Nxe5 32. Rb8 Nxf3+ 33. Nxf3 Kf8 34. Nd4
Qe7 35. Nb5 Qe1+ 36. Kh2 c6 37. Nc7 Qe5+ 38. g3 Rxb8 39. Qxb8+ Kf7 40. Nxd5 Qxd5
41. Qc7+ Kf6 42. Qxh7 Qf7 43. Qh6 c5 44. h4 Ke7 45. Qh8 d5 46. Qb8 c4 47. Qb4+
Kd7 48. Qb7+ Ke6 49. Qb6+ Ke5 50. Qe3+ Kf6 51. Qd4+ Ke7 52. Qc5+ Kd8 53. Qa5+
Qc7 54. Qxd5+ Ke7 55. h5 gxh5 56. Qxf5 c3 57. Qh7+ Kd6 58. Qd3+ Ke6 59. Qg6+ Kd7
60. Qd3+ Ke8 61. Qg6+ Kf8 62. Qf6+ Kg8 63. Qg6+ Kh8 64. Qh6+ Kg8 65. Qg6+ Kh8
66. Qh6+ Kg8 67. Qg6+ 1/2-1/2

[Event "TCh-CHN 2018"]
[Site "China CHN"]
[Date "2018.11.28"]
[Round "20.2"]
[Board "4"]
[White "Zhu, Jiner"]
[Black "Khademalsharieh, Sarasadat"]
[Result "1/2-1/2"]
[WhiteTitle "WIM"]
[BlackTitle "IM"]
[WhiteElo "2379"]
[BlackElo "2448"]
[WhiteTeam "Zhejiang Chess Team"]
[BlackTeam "Hebei sports lottery chess team"]
[WhiteFideId "8608059"]
[BlackFideId "12512214"]
[EventDate "2018.04.11"]

1. e4 e5 2. Nf3 Nc6 3. Bb5 a6 4. Ba4 Nf6 5. O-O b5 6. Bb3 Bb7 7. Re1 Bc5 8. c3
d6 9. d4 Bb6 10. a4 h6 11. d5 Ne7 12. axb5 axb5 13. Rxa8 Bxa8 14. Na3 c6 15.
dxc6 Bxc6 16. Bc2 O-O 17. h3 Qb8 18. Qe2 Bc7 19. Bd2 Qb7 20. Bd3 Rb8 21. c4 bxc4
22. Nxc4 Ng6 23. b4 Qa8 24. Nh2 d5 25. exd5 Bxd5 26. Ng4 Nxg4 27. Qxg4 Be6 28.
Qe2 Nf4 29. Bxf4 exf4 30. Rb1 Bd5 31. Qe7 Qb7 32. Na5 Qb6 33. Nc4 Qb7 34. Na5
Qb6 35. Nc4 Qb7 1/2-1/2

[Event "TCh-CHN 2018"]
[Site "China CHN"]
[Date "2018.11.28"]
[Round "20.2"]
[Board "5"]
[White "Ding, Yixin"]
[Black "Zhai, Mo"]
[Result "1-0"]
[WhiteTitle "WGM"]
[BlackTitle "WGM"]
[WhiteElo "2429"]
[BlackElo "2352"]
[WhiteTeam "Zhejiang Chess Team"]
[BlackTeam "Hebei sports lottery chess team"]
[WhiteFideId "8602972"]
[BlackFideId "8600201"]
[EventDate "2018.04.11"]

1. Nf3 Nf6 2. d4 g6 3. Nc3 d5 4. Bf4 Bg7 5. e3 a6 6. Ne5 Bf5 7. g4 Be6 8. Bg2
Nc6 9. Bf3 Nxe5 10. Bxe5 h6 11. Qe2 Kf8 12. h4 Qd7 13. g5 hxg5 14. hxg5 Rxh1+
15. Bxh1 Nh5 16. Bf3 Bxe5 17. dxe5 Kg7 18. O-O-O c6 19. Bxh5 gxh5 20. Qxh5 Rh8
21. Qe2 Rh2 22. Qf3 Qc8 23. Ne2 Bg4 24. Qf4 Rh3 25. Re1 Rf3 26. Qd4 c5 27. Qxd5
Rxf2 28. Nf4 Bf5 29. Nd3 Bxd3 30. Qxd3 Qf5 31. Qc3 b6 32. e6+ Kg6 33. exf7 Kxf7
34. Qc4+ Kg7 35. Rg1 Qf3 36. Qc3+ Kg8 37. Qd3 Kg7 38. g6 Re2 39. Qc3+ Kg8 40.
Qc4+ Kg7 41. Kb1 Rg2 42. Rf1 Rf2 43. Re1 Qg2 44. a4 Qxg6 45. e4 a5 46. Qc3+ Kf7
47. e5 Rg2 48. e6+ Kg8 49. Re3 Rg1+ 50. Ka2 Rg2 51. Qc4 Rxc2 52. Qd5 Kh7 53.
Rh3+ Kg7 54. Qe5+ Qf6 55. Rg3+ Kh6 56. Qxf6+ exf6 57. Re3 1-0

[Event "TCh-CHN 2018"]
[Site "China CHN"]
[Date "2018.11.28"]
[Round "20.3"]
[Board "1"]
[White "Yu, Yangyi"]
[Black "Jakovenko, Dmitry"]
[Result "1/2-1/2"]
[WhiteTitle "GM"]
[BlackTitle "GM"]
[WhiteElo "2764"]
[BlackElo "2735"]
[WhiteTeam "Beijing Beiao team"]
[BlackTeam "Hangzhou Bank Team"]
[WhiteFideId "8603820"]
[BlackFideId "4122356"]
[EventDate "2018.04.11"]

1. c4 c5 2. Nc3 g6 3. g3 Bg7 4. Bg2 Nc6 5. Nf3 d6 6. d3 e5 7. a3 Nge7 8. Rb1 a5
9. Bd2 O-O 10. O-O Rb8 11. Ne1 Be6 12. Nc2 d5 13. cxd5 Nxd5 14. Ne4 b6 15. b4
axb4 16. axb4 cxb4 17. Nxb4 Ncxb4 18. Bxb4 Nxb4 19. Rxb4 f5 20. Nc3 e4 21. Nb5
exd3 22. exd3 Bd5 23. d4 f4 24. Bxd5+ Qxd5 25. Qb3 Qxb3 26. Rxb3 Rbd8 27. Rd1
fxg3 28. hxg3 Rf5 29. Kg2 Rdd5 30. Nc3 Rxd4 31. Rxb6 Rxd1 1/2-1/2

[Event "TCh-CHN 2018"]
[Site "China CHN"]
[Date "2018.11.28"]
[Round "20.3"]
[Board "2"]
[White "Li, Chao b"]
[Black "Bai, Jinshi"]
[Result "1/2-1/2"]
[WhiteTitle "GM"]
[BlackTitle "GM"]
[WhiteElo "2703"]
[BlackElo "2568"]
[WhiteTeam "Beijing Beiao team"]
[BlackTeam "Hangzhou Bank Team"]
[WhiteFideId "8604436"]
[BlackFideId "8602280"]
[EventDate "2018.04.11"]

1. d4 d5 2. c4 c5 3. dxc5 Nf6 4. Nf3 e6 5. Be3 Na6 6. Nc3 Bxc5 7. Bxc5 Nxc5 8.
e3 dxc4 9. Qxd8+ Kxd8 10. Bxc4 Ke7 11. b4 Nce4 12. Nxe4 Nxe4 13. Bd3 Nf6 14. Ke2
Bd7 15. Ne5 Ba4 16. e4 a5 17. Rhb1 Nd7 18. Nxd7 Bxd7 19. bxa5 Rhb8 20. a6 b5 21.
a4 Rxa6 22. axb5 Rxa1 23. Rxa1 Bxb5 24. Ra7+ Kf8 25. Bxb5 Rxb5 26. h4 h5 27. g3
g6 28. Ke3 Kg7 29. Rc7 Ra5 30. Rb7 Rc5 1/2-1/2

[Event "TCh-CHN 2018"]
[Site "China CHN"]
[Date "2018.11.28"]
[Round "20.3"]
[Board "3"]
[White "Wang, Yiye"]
[Black "Ma, Qun"]
[Result "1/2-1/2"]
[WhiteTitle "IM"]
[BlackTitle "GM"]
[WhiteElo "2437"]
[BlackElo "2620"]
[WhiteTeam "Beijing Beiao team"]
[BlackTeam "Hangzhou Bank Team"]
[WhiteFideId "8606021"]
[BlackFideId "8603154"]
[EventDate "2018.04.11"]

1. c4 e5 2. g3 Nf6 3. Bg2 c6 4. Nf3 e4 5. Nd4 d5 6. d3 Bc5 7. Nb3 Bb4+ 8. Bd2
Bxd2+ 9. Qxd2 dxc4 10. dxc4 Qxd2+ 11. N1xd2 e3 12. fxe3 Nbd7 13. Ne4 Nxe4 14.
Bxe4 a5 15. Bf5 a4 16. Bxd7+ Kxd7 17. Nd4 Ra5 18. O-O Ke7 19. Rad1 h5 20. Rf4 f6
21. h4 Bh3 22. Re4+ Kf7 23. Nf3 Bf5 24. Rf4 Re8 25. Kf2 Kg6 26. Rfd4 Raa8 27.
Rc1 a3 28. Rd2 axb2 29. Rxb2 Bc8 30. Rc3 Ra5 31. c5 Re4 32. Nd4 Re5 33. Rbc2 Kf7
34. Rc4 Ra3 35. R4c3 Ra5 36. Rc4 Ra3 37. R4c3 Rxc3 38. Rxc3 Ke7 39. Rc4 Be6 1/2-1/2

[Event "TCh-CHN 2018"]
[Site "China CHN"]
[Date "2018.11.28"]
[Round "20.3"]
[Board "4"]
[White "Li, Ruofan"]
[Black "Wang, Yu A."]
[Result "1-0"]
[WhiteTitle "IM"]
[BlackTitle "IM"]
[WhiteElo "2325"]
[BlackElo "2303"]
[WhiteTeam "Hangzhou Bank Team"]
[BlackTeam "Beijing Beiao team"]
[WhiteFideId "8600643"]
[BlackFideId "8601097"]
[EventDate "2018.04.11"]

1. d4 d6 2. Nf3 Nf6 3. c4 g6 4. Nc3 Bf5 5. h3 Bg7 6. g4 Bd7 7. e4 O-O 8. Be3 Na6
9. Be2 c5 10. d5 Nc7 11. Qd2 a6 12. e5 Nfe8 13. Bh6 dxe5 14. Bxg7 Kxg7 15. Nxe5
Nd6 16. Qe3 b6 17. O-O-O Rc8 18. h4 f6 19. Nc6 Bxc6 20. dxc6 Qe8 21. Nd5 Nxd5
22. cxd5 Qf7 23. h5 g5 24. f4 gxf4 25. Qxf4 Kh8 26. Kb1 a5 27. Bd3 Qg7 28. Rhe1
Rce8 29. Re6 b5 30. Rde1 c4 31. Bf5 Nxf5 32. Qxf5 c3 33. d6 Qh6 34. Rxe7 1-0

[Event "TCh-CHN 2018"]
[Site "China CHN"]
[Date "2018.11.28"]
[Round "20.4"]
[Board "1"]
[White "Cheparinov, Ivan"]
[Black "Li, Di"]
[Result "1/2-1/2"]
[WhiteTitle "GM"]
[BlackTitle "IM"]
[WhiteElo "2711"]
[BlackElo "2487"]
[WhiteTeam "Shenzhen Longgang Chess association"]
[BlackTeam "Chengdu Beilei Youth Chess Club"]
[WhiteFideId "2905540"]
[BlackFideId "8607508"]
[EventDate "2018.04.11"]

1. e4 e5 2. Nf3 Nf6 3. Nxe5 d6 4. Nf3 Nxe4 5. Nc3 Nf6 6. d4 Be7 7. Bd3 O-O 8.
O-O Nc6 9. a3 Bg4 10. Be3 d5 11. h3 Bh5 12. g4 Bg6 13. Ne5 Bxd3 14. Qxd3 Nd7 15.
f4 Ncxe5 16. fxe5 c6 17. Rae1 Bh4 18. Re2 Qe7 19. Bd2 Rfe8 20. Nd1 g6 21. Ne3 f6
22. Bb4 Qd8 23. e6 Rxe6 24. Ng2 Rxe2 25. Qxe2 Bg5 26. Qe6+ Kh8 27. h4 Bh6 28.
Re1 c5 29. dxc5 Ne5 30. Kh1 a5 31. g5 axb4 32. gxh6 Ra6 33. Qh3 bxa3 34. bxa3
Rc6 35. Qg3 Qf8 36. Nf4 Qxh6 37. Nxd5 Qh5 38. Nxf6 Rxf6 39. Rxe5 Qd1+ 40. Re1
Qd5+ 41. Kh2 Qxc5 42. Re2 Kg7 1/2-1/2

[Event "TCh-CHN 2018"]
[Site "China CHN"]
[Date "2018.11.28"]
[Round "20.4"]
[Board "2"]
[White "Zhou, Jianchao"]
[Black "Vallejo Pons, Francisco"]
[Result "1/2-1/2"]
[WhiteTitle "GM"]
[BlackTitle "GM"]
[WhiteElo "2617"]
[BlackElo "2694"]
[WhiteTeam "Shenzhen Longgang Chess association"]
[BlackTeam "Chengdu Beilei Youth Chess Club"]
[WhiteFideId "8603537"]
[BlackFideId "2205530"]
[EventDate "2018.04.11"]

1. d4 d5 2. Bf4 e6 3. e3 Nf6 4. Nd2 Bd6 5. Bg3 O-O 6. Ngf3 c5 7. c3 Qc7 8. Bd3
Nbd7 9. Qc2 h6 10. Rd1 Bxg3 11. hxg3 e5 12. dxe5 Nxe5 13. Nxe5 Qxe5 14. Qa4 Bg4
15. Nf3 Qe6 16. O-O Rfd8 17. c4 d4 18. exd4 Bxf3 19. gxf3 Rxd4 20. Rfe1 Qb6 21.
Qc2 Rad8 22. Bf1 Rxd1 23. Rxd1 Rxd1 24. Qxd1 g5 25. Qd2 Qc7 26. Qe3 b6 27. Bh3
Kg7 28. Bf5 Qd6 29. Kg2 Qc7 30. b3 Qd6 1/2-1/2

[Event "TCh-CHN 2018"]
[Site "China CHN"]
[Date "2018.11.28"]
[Round "20.4"]
[Board "3"]
[White "Liu, Qingnan"]
[Black "Xu, Xiangyu"]
[Result "1/2-1/2"]
[WhiteTitle "GM"]
[BlackTitle "GM"]
[WhiteElo "2538"]
[BlackElo "2565"]
[WhiteTeam "Shenzhen Longgang Chess association"]
[BlackTeam "Chengdu Beilei Youth Chess Club"]
[WhiteFideId "8603294"]
[BlackFideId "8608288"]
[EventDate "2018.04.11"]

1. e4 e5 2. Nf3 Nf6 3. Nxe5 d6 4. Nf3 Nxe4 5. d4 d5 6. Bd3 Bd6 7. O-O O-O 8. c4
c6 9. Re1 Bf5 10. Qb3 Qd7 11. Nc3 Nxc3 12. Bxf5 Qxf5 13. bxc3 b6 14. cxd5 cxd5
15. Ba3 Bxa3 16. Qxa3 Nc6 17. Qd6 Rac8 18. Ne5 Nxe5 19. Rxe5 Qc2 20. Qxd5 Qxc3
21. Rae1 Rcd8 22. Qxd8 Qxe1+ 23. Rxe1 Rxd8 24. Re7 g6 25. Rxa7 Rxd4 26. g3 b5
27. Ra5 Rd2 28. Rxb5 Rxa2 29. h4 h5 30. Kg2 Kg7 1/2-1/2

[Event "TCh-CHN 2018"]
[Site "China CHN"]
[Date "2018.11.28"]
[Round "20.4"]
[Board "4"]
[White "Ren, Xiaoyi"]
[Black "Ushenina, Anna"]
[Result "0-1"]
[BlackTitle "GM"]
[WhiteElo "2256"]
[BlackElo "2440"]
[WhiteTeam "Chengdu Beilei Youth Chess Club"]
[BlackTeam "Shenzhen Longgang Chess association"]
[WhiteFideId "8608709"]
[BlackFideId "14110911"]
[EventDate "2018.04.11"]

1. d4 d5 2. c4 e6 3. Nc3 Nf6 4. Bg5 dxc4 5. e4 c5 6. dxc5 Qa5 7. Bxf6 gxf6 8.
Bxc4 Qxc5 9. Bb5+ Nd7 10. Nf3 a6 11. Be2 Bh6 12. O-O O-O 13. Qd3 b5 14. Rad1 Kh8
15. Kh1 Rg8 16. Nd4 Ra7 17. f4 Rc7 18. Qh3 b4 19. Qxh6 bxc3 20. bxc3 Bb7 21. Bf3
Qxc3 22. Ne2 Qb4 23. e5 Bxf3 24. Rxf3 Qe4 25. Ng3 Qc2 26. Rff1 Qg6 27. Qxg6 hxg6
28. Rd6 fxe5 29. fxe5 Nc5 30. h3 Kg7 31. Rf4 a5 32. Rg4 Rh8 33. Rc4 Rhc8 34.
Rcd4 Kf8 35. Ne2 Ke7 36. Nf4 Nd7 37. Nd3 Ra8 38. a4 Raa7 39. Kh2 Rc2 40. Kg3 Re2
41. Kf3 Rd2 42. Kg3 Rc7 43. h4 Ke8 44. Kh3 Re2 45. g3 Nxe5 46. Nf4 Rec2 47. Ra6
R2c5 48. Rd1 Rb7 49. Ra8+ Ke7 50. Rdd8 Rb2 51. Rh8 Rcc2 0-1

[Event "TCh-CHN 2018"]
[Site "China CHN"]
[Date "2018.11.28"]
[Round "20.4"]
[Board "5"]
[White "Gunina, Valentina"]
[Black "Zhang, Xiaowen"]
[Result "1-0"]
[WhiteTitle "GM"]
[BlackTitle "WGM"]
[WhiteElo "2497"]
[BlackElo "2318"]
[WhiteTeam "Chengdu Beilei Youth Chess Club"]
[BlackTeam "Shenzhen Longgang Chess association"]
[WhiteFideId "4167570"]
[BlackFideId "8603219"]
[EventDate "2018.04.11"]

1. e4 e6 2. d4 d5 3. Nd2 c5 4. exd5 exd5 5. Ngf3 Nc6 6. Bb5 Qe7+ 7. Be2 Qc7 8.
O-O Be6 9. Re1 Nf6 10. Bb5 Be7 11. dxc5 Bxc5 12. Nb3 Bb6 13. c4 dxc4 14. Bxc4
O-O 15. Bxe6 fxe6 16. Be3 Ng4 17. Bxb6 Qxb6 18. Qe2 Nce5 19. Nbd4 Rad8 20. Rad1
Rd5 21. h3 Nxf3+ 22. Nxf3 Nf6 23. Rc1 Rd6 24. Rc4 Nd5 25. Qe5 h6 26. a3 Rf5 27.
Qg3 Nf6 28. Rb4 Qa6 29. Rxb7 Nh5 30. Rb8+ Kh7 31. Qg4 Qa5 32. Qe4 Nf6 33. Qc2
Qd5 34. Qc8 Rxf3 35. gxf3 Qxf3 36. Qc2+ g6 37. Qc8 g5 38. Qb7+ Qxb7 39. Rxb7+
Kg6 40. Rxa7 Nd5 41. Rd1 Rc6 42. b4 Nf4 43. b5 Rc2 44. b6 Nxh3+ 45. Kf1 Rxf2+
46. Ke1 Rb2 47. b7 Nf4 48. Rd8 Ng2+ 49. Kd1 Ne3+ 50. Kc1 1-0

[Event "TCh-CHN 2018"]
[Site "China CHN"]
[Date "2018.11.28"]
[Round "20.5"]
[Board "1"]
[White "Inarkiev, Ernesto"]
[Black "Bu, Xiangzhi"]
[Result "1/2-1/2"]
[WhiteTitle "GM"]
[BlackTitle "GM"]
[WhiteElo "2693"]
[BlackElo "2726"]
[WhiteTeam "Hangzhou Turbine Team"]
[BlackTeam "Shandong Jingzhi Team"]
[WhiteFideId "4162722"]
[BlackFideId "8601445"]
[EventDate "2018.04.11"]

1. e4 e5 2. Nf3 Nf6 3. Nxe5 d6 4. Nf3 Nxe4 5. Nc3 Nxc3 6. dxc3 Be7 7. Be3 O-O 8.
Qd2 Nd7 9. O-O-O c6 10. Bd3 d5 11. h4 Nf6 12. Bg5 Re8 13. Rde1 Be6 14. Nd4 Bd7
15. f3 Bf8 16. Rxe8 Bxe8 17. g4 Bd7 18. Bf5 Be8 19. h5 c5 20. Ne2 Bc6 21. Ng3
Qc7 22. Bf4 Bd6 23. Bxd6 Qxd6 24. Rg1 Ne8 25. g5 Rd8 26. f4 d4 27. c4 b5 28. Bd3
bxc4 29. Bxc4 Bd5 30. Nf5 Qd7 31. Bxd5 Qxf5 32. Bc4 Nd6 33. Bd3 Qe6 34. b3 c4
35. Re1 Qd5 36. Re5 Qh1+ 37. Re1 Qd5 38. Re5 Qc6 39. bxc4 Nxc4 40. Bxc4 Qxc4 41.
Qe2 Qc8 42. Qd3 Qc6 43. Qb5 Qh1+ 44. Kb2 Qa8 45. Qc4 Qb8+ 46. Qb3 Qd6 47. Qb5
Kf8 48. Qc5 h6 49. Kb3 d3 50. cxd3 Qxc5 51. Rxc5 Rxd3+ 52. Kb4 Rf3 53. Rc4 Rh3
54. Rc8+ Ke7 55. Rc7+ Ke6 56. gxh6 gxh6 57. Rc6+ Kf5 58. Rxh6 Kxf4 59. Rf6+ Ke5
60. Rxf7 Rxh5 61. Rxa7 Kd6 62. a4 Kc6 63. Ra6+ 1/2-1/2

[Event "TCh-CHN 2018"]
[Site "China CHN"]
[Date "2018.11.28"]
[Round "20.5"]
[Board "2"]
[White "Xiang, Zeyu"]
[Black "Zhao, Jun"]
[Result "1/2-1/2"]
[BlackTitle "GM"]
[WhiteElo "2435"]
[BlackElo "2607"]
[WhiteTeam "Hangzhou Turbine Team"]
[BlackTeam "Shandong Jingzhi Team"]
[WhiteFideId "8608547"]
[BlackFideId "8602522"]
[EventDate "2018.04.11"]

1. d4 Nf6 2. c4 g6 3. Nc3 d5 4. Bf4 Bg7 5. e3 c5 6. dxc5 Qa5 7. Rc1 Be6 8. Qa4+
Qxa4 9. Nxa4 Nc6 10. Nf3 Rc8 11. Ng5 Bd7 12. Nc3 d4 13. exd4 Nxd4 14. Be5 Nc6
15. Bg3 Nh5 16. Be2 Nxg3 17. hxg3 Nd4 18. b4 a5 19. a3 Nb3 20. Rc2 Bf5 21. Nge4
axb4 22. axb4 Nxc5 23. bxc5 Bxc3+ 24. Rxc3 Bxe4 25. f3 Bc6 26. Ra3 O-O 27. Kf2
h5 28. Rd1 Kg7 29. f4 Ra8 30. Rda1 Rad8 31. Rd1 Kf6 32. g4 Rxd1 33. Bxd1 Rd8 34.
Bf3 hxg4 35. Bxc6 bxc6 36. Ke3 Rd7 37. Ra6 Rc7 38. Ke4 Ke6 39. g3 f6 40. f5+
gxf5+ 41. Kf4 Rd7 42. Rxc6+ Kf7 43. Kxf5 Rd4 44. Rc7 Rxc4 45. c6 Rd4 46. Rb7 Ra4
47. Rd7 Ke8 48. Rc7 Kf7 49. Rd7 Rb4 50. Rb7 Rc4 51. Rc7 Rd4 52. Rb7 Rc4 53. Rc7 1/2-1/2

[Event "TCh-CHN 2018"]
[Site "China CHN"]
[Date "2018.11.28"]
[Round "20.5"]
[Board "3"]
[White "Zou, Chen"]
[Black "Wen, Yang"]
[Result "1/2-1/2"]
[WhiteTitle "FM"]
[BlackTitle "GM"]
[WhiteElo "2384"]
[BlackElo "2604"]
[WhiteTeam "Hangzhou Turbine Team"]
[BlackTeam "Shandong Jingzhi Team"]
[WhiteFideId "8610959"]
[BlackFideId "8602956"]
[EventDate "2018.04.11"]

1. e4 e5 2. Nf3 Nc6 3. Bb5 a6 4. Ba4 Nf6 5. O-O b5 6. Bb3 Bb7 7. d3 Be7 8. Re1
O-O 9. a4 d6 10. Nbd2 Qd7 11. Nf1 Nd8 12. axb5 axb5 13. Rxa8 Bxa8 14. Ng3 Ne6
15. c3 c5 16. d4 exd4 17. cxd4 d5 18. e5 Ne4 19. Nf5 c4 20. Nxe7+ Qxe7 21. Bc2
Bc6 22. Be3 Rd8 23. Nd2 Qb4 24. Qc1 Qa5 25. Nb1 b4 26. Bd1 h6 27. f3 N4g5 28. f4
Ne4 29. f5 N6g5 30. h4 Nh7 31. Bf3 Rc8 32. f6 Qd8 33. Bxe4 dxe4 34. Rf1 gxf6 35.
Qe1 Kh8 36. exf6 Qd6 37. Bxh6 e3 38. Qxe3 Re8 39. Qf2 Re4 40. Nd2 Rxd4 41. Nf3
Rg4 42. Bg7+ Kg8 43. h5 Nxf6 44. h6 Nh5 45. Ng5 Rxg2+ 46. Qxg2 Bxg2 47. h7+ Kxg7
48. h8=Q+ Kxh8 49. Nxf7+ Kg7 50. Nxd6 Bxf1 51. Kxf1 c3 52. bxc3 bxc3 53. Ke2 1/2-1/2

[Event "TCh-CHN 2018"]
[Site "China CHN"]
[Date "2018.11.28"]
[Round "20.5"]
[Board "4"]
[White "Ning, Kaiyu"]
[Black "Zhou, Zirun"]
[Result "1/2-1/2"]
[WhiteElo "2217"]
[BlackElo "2152"]
[WhiteTeam "Shandong Jingzhi Team"]
[BlackTeam "Hangzhou Turbine Team"]
[WhiteFideId "8614750"]
[BlackFideId "8610975"]
[EventDate "2018.04.11"]

1. d4 Nf6 2. c4 e6 3. Nf3 d5 4. Nc3 c5 5. cxd5 Nxd5 6. e4 Nxc3 7. bxc3 cxd4 8.
cxd4 Bb4+ 9. Bd2 Bxd2+ 10. Qxd2 O-O 11. Bc4 Nd7 12. O-O b6 13. Rfe1 Bb7 14. a4
Rc8 15. Bd3 Nf6 16. a5 bxa5 17. Rxa5 Ra8 18. Rg5 Nd7 19. Rg3 g6 20. Bb5 f6 21.
h4 Kh8 22. Qf4 Nb6 23. Qh6 Rg8 24. Bd3 Qf8 25. Qf4 Qe7 26. Qd2 Rad8 27. Ra1 Bc6
28. Qb2 Rb8 29. Qd2 Rbd8 30. Re1 Qf7 31. Qb4 Qf8 32. Qa5 Qe7 33. d5 exd5 34.
exd5 Rxd5 35. Rxe7 Rxa5 36. Nd4 Bd7 37. Rf7 Rd5 38. Ne2 Bf5 39. Bxf5 Rxf5 40.
Rc3 Rg7 41. Rxg7 Kxg7 42. Rc7+ Kh6 43. Rxa7 Re5 44. Nd4 Rd5 45. Ne6 Rd7 46. Rxd7
Nxd7 47. Kh2 g5 48. Kh3 Kg6 49. g4 h5 1/2-1/2

[Event "TCh-CHN 2018"]
[Site "China CHN"]
[Date "2018.11.28"]
[Round "20.5"]
[Board "5"]
[White "Yan, Tianqi"]
[Black "Zhao, Shengxin"]
[Result "1/2-1/2"]
[BlackTitle "WFM"]
[WhiteElo "2098"]
[BlackElo "2133"]
[WhiteTeam "Shandong Jingzhi Team"]
[BlackTeam "Hangzhou Turbine Team"]
[WhiteFideId "8615250"]
[BlackFideId "8608040"]
[EventDate "2018.04.11"]

1. e4 c6 2. d4 d5 3. exd5 cxd5 4. Bd3 Nc6 5. c3 Qc7 6. Qf3 Nxd4 7. Qxd5 Nc6 8.
Bb5 Nf6 9. Qf3 e5 10. Bg5 Be7 11. Nd2 O-O 12. Ne2 h6 13. Bxf6 Bxf6 14. O-O Be6
15. Ng3 Qb6 16. a4 a6 17. Bd3 Rad8 18. Rfd1 Ne7 19. b4 Bg5 20. Nde4 f5 21. Nc5
e4 22. Qe2 Bd5 23. Bc4 Qc6 24. Bxd5+ Rxd5 25. Rxd5 Nxd5 26. Rd1 Kh8 27. Qc4 Nb6
28. Qe6 Qxe6 29. Nxe6 Rc8 30. Nxg5 Nxa4 1/2-1/2

[Event "TCh-CHN 2018"]
[Site "China CHN"]
[Date "2018.11.28"]
[Round "20.6"]
[Board "1"]
[White "Andreikin, Dmitry"]
[Black "Lou, Yiping"]
[Result "1-0"]
[WhiteTitle "GM"]
[BlackTitle "IM"]
[WhiteElo "2719"]
[BlackElo "2473"]
[WhiteTeam "Chongqing Team"]
[BlackTeam "China Mobil Shanghai Chess Club"]
[WhiteFideId "4158814"]
[BlackFideId "8603928"]
[EventDate "2018.04.11"]

1. Nf3 Nf6 2. d4 d5 3. c4 e6 4. e3 Nbd7 5. Nc3 c6 6. Qc2 Bd6 7. b3 O-O 8. Bb2 b6
9. O-O-O Bb7 10. e4 dxe4 11. Nxe4 Nxe4 12. Qxe4 Qe7 13. c5 Bc7 14. Bd3 Nf6 15.
Qh4 h6 16. Rhe1 a5 17. cxb6 Bxb6 18. g4 c5 19. d5 Nxd5 20. g5 f5 21. Bc4 Nc7 22.
gxh6 Qxh4 23. Nxh4 Rfd8 24. Nxf5 gxh6 25. Rg1+ Kf8 26. Bg7+ 1-0